[Event "SaitekSparc_Risc2500sol"]
[Site "Zürich"]
[Date "2019.04.04"]
[Round "4"]
[White "Saitek Risc 2500 solid"]
[Black "Saitek Sparc"]
[Result "0-1"]
[WhiteElo "2247"]
[BlackElo "2254"]
[Annotator "KUT"]
[PlyCount "169"]
[EventDate "2019.01.01"]

1. d4 Nf6 {Vergleichsmatch 120'/40 der Spielstile des Saitek Risc 2500 gegen
Saitek Sparc | 4. Partie: normal=Niederlage, aktiv=Sieg, offensiv=Remis,
solid=Niederlage | Vergleich Zwischenstände nach 4 Partien: aktiv 2,5 Pkt 
(62%), offensiv 2 Pkt (50%), solid 1,5 Pkt (37%), normal 0,5 Pkt (12%) |
Schade um die lange Zeit ausgeglichen geführte Partie. Dass schliesslich der
Saitek Sparc den Sieg holt, hat weniger damit zu tun, dass er das Endspiel gut
behandelt, sondern damit, dass der Risc 2500 solid eine schlechte
Endspielleistung hinlegt.} 2. c4 e5 3. dxe5 Ng4 4. Bf4 Nc6 5. Nf3 Bb4+ 6. Nbd2
Qe7 7. a3 Ngxe5 8. Nxe5 Nxe5 9. e3 Bxd2+ 10. Qxd2 d6 11. Rc1 O-O 12. c5 dxc5
13. Qd5 Ng6 14. Bg3 {***ENDE BUCH***} Rd8 15. Qxc5 Qxc5 16. Rxc5 c6 {***ENDE
BUCH***} 17. Bc4 (17. Be2 {STIL OFFENSIV} Be6 18. h4 h6 19. h5 Ne7 20. e4 Rd4
21. f3 Rad8 22. Bf4 f6 23. Be3 R4d7 24. Rc3 b6 25. b4 Kh7 26. a4 Kh8 27. Kf2 f5
28. g4 fxe4 29. fxe4 Kh7 30. Rhc1 Kh8 31. g5 Kh7 32. Ra3 Rb8 33. Rcc3 Rdd8 34.
a5 Rb7 35. axb6 axb6 36. Ra6 Rf8+ 37. Kg3 hxg5 38. Bxg5 Kh8 39. Bxe7 Rxe7 40.
Rxc6 Bg8 41. Raxb6 Rxe4 42. Ba6 Re3+ 43. Kh2 Rf2+ 44. Kg1 Rb2 45. h6 g5 46. Rc5
Rg3+ 47. Kf1 Rf3+ 48. Ke1 Rh3 49. Bb7 Rhh2 50. Rc1 Rhe2+ 51. Kf1 Rf2+ 52. Kg1
Rf4 53. Bc8 Rfxb4 54. Rd6 Rh4 55. Bf5 Rhh2 56. Be4 Rhe2 57. Bf3 Re3 58. Rf6 g4
59. Bg2 Rg3 60. Rf2 Rb6 61. Rd2 Kh7 62. Kf2 Ra3 63. Bc6 Kxh6 64. Rd6+ Kg7 65.
Kg1 Bh7 66. Rd7+ Kh6 67. Bg2 Bg6 68. Rd4 Kg5 69. Rd5+ Kh4 70. Rd2 Rd3 71. Re2
Rbd6 72. Bb7 Rd1+ 73. Re1 R1d2 74. Bg2 R6d3 75. Rf1 Kg3 76. Bb7 Rb3 77. Bc6
Rbb2 78. Ra1 Kh4 79. Bh1 g3 80. Ra4+ Kh3 81. Bf3 Bh5 82. Be4 Bg4 83. Ra7 Rb5
84. Rh7+ Rh5 85. Rc7 Re2 86. Bb7 Rh6 87. Bd5 Rh8 88. Bh1 Rh4 89. Bc6 Ra2 90.
Re7 Rh6 91. Bd5 Rd2 92. Bh1 Rh5 93. Rfe1 Rf2 94. R1e3 Rc2 95. Re1 Rd2 96. Bb7
Ra2 97. Rf1 Rc2 98. Rfe1 Rh2 99. Rf1 {½-½ (99) Saitek Risc 2500 offensiv 
(2247)-Saitek Sparc (2254) Zürich 2019}) 17... Bd7 18. O-O {Abweichung} (18.
Ke2 {STIL AKTIV} b6 19. Rg5 Bc8 20. Rc1 Rd7 21. h4 Bb7 22. h5 Nf8 23. Be5 Ne6
24. Rg4 Kf8 25. h6 g6 26. Bf6 a5 27. f3 c5 28. b3 Nc7 29. e4 a4 30. b4 cxb4 31.
axb4 Ne6 32. Ke3 a3 33. Ra1 Nc7 34. b5 Ne8 35. Bc3 Nd6 36. Bd3 a2 37. e5 Nc8
38. Bb4+ Ne7 39. Rd4 Rxd4 40. Kxd4 Bc8 41. Kc3 Be6 42. Be4 Ra7 43. Kb2 Ke8 44.
Bd2 Bc4 45. g4 Kd7 46. f4 Ke6 47. Bc3 Nd5 48. f5+ Ke7 49. Bd2 Kf8 50. Rc1 gxf5
51. Bxf5 Bxb5 52. Bxh7 Ra4 53. Bc2 Rxg4 54. Kxa2 Bc4+ 55. Kb1 b5 56. Kb2 Rg2
57. Ra1 Nb6 58. h7 Kg7 59. e6 f6 60. Ra7+ Kh8 61. Bc3 Rf2 62. Bd4 Nc8 {1-0 (62)
Saitek Risc 2500 aktiv (2247)-Saitek Sparc (2254) Zürich 2019}) (18. Bc7 {
STIL NORMAL} Rdc8 19. Bd6 Rd8 20. Bg3 b6 21. Rg5 Re8 22. O-O Be6 23. Bxe6 Rxe6
24. Rd1 h6 25. Rh5 Ree8 26. Kf1 Rad8 27. Rxd8 Rxd8 28. Ke2 f6 29. b4 Kf7 30. f3
Ke6 31. e4 Ne5 32. Bxe5 fxe5 33. g3 Rd4 34. Ke3 Rd1 35. f4 exf4+ 36. gxf4 Ra1
37. Kd4 Rxa3 38. f5+ Kf6 39. e5+ Kf7 40. f6 a5 41. Rf5 Kf8 42. e6 gxf6 43. bxa5
Ra4+ 44. Kc3 Rxa5 45. Rxf6+ Ke7 46. Rxh6 Re5 47. h4 Rxe6 48. Rh7+ Kf6 49. Rh8
Kg6 50. Rb8 b5 51. Rh8 Re4 52. Kd3 Kg7 53. Rc8 Rc4 54. h5 Kh6 55. Rh8+ Kg5 56.
h6 Kg6 57. Ke3 b4 58. Kd2 c5 59. Kd3 Rd4+ 60. Kc2 Rh4 61. Kc1 Rxh6 62. Rc8 Rh5
63. Kc2 Kf6 64. Rc6+ Ke7 65. Kb2 Kd7 66. Rb6 Rh3 67. Rb8 Kd6 68. Rd8+ Ke5 69.
Re8+ Kd5 70. Rd8+ Kc4 71. Rd2 b3 72. Rd1 Rh2+ 73. Kb1 Kb4 74. Re1 c4 75. Re4 {
0-1 (75) Saitek Risc 2500 normal (2247)-Saitek Sparc (2254) Zürich 2019})
18... Be6 19. Bxe6 fxe6 20. Rfc1 Rd2 21. R5c2 Rad8 22. h4 h5 23. Rxd2 Rxd2 $11
{Endspiel KTL-KTS} 24. b4 Rd3 25. a4 Rb3 26. Rc4 e5 27. Kf1 Rb1+ {Wenn schon
ein Turmzug, dann nach b2, um den weissen König von der Annäherung ins
Zentrum abzuhalten.} 28. Ke2 a6 29. a5 Kf7 30. f3 Rb2+ 31. Kf1 Rb3 32. Re4 Kf6
33. Kg1 Rb1+ 34. Kh2 Rc1 35. Bf2 Rf1 36. Bg3 Rc1 37. Bf2 Rc2 38. Bg3 Re2 39.
Kg1 Rb2 40. Rc4 Rb1+ 41. Kf2 Ne7 42. Re4 Ng6 43. Ke2 Rg1 44. Bf2 Ra1 {Eine
Falle für Anfänger: schlägt der Turm den g2-Bauer folgt Kf1 und der
schwarze Turm wird sich gegen den Lf2 opfern müssen, weil er sonst
verlorengehen wird.} 45. Be1 Ra2+ 46. Bd2 Ne7 47. Kd3 Ra3+ 48. Kc2 Ra2+ 49. Kd3
Ra3+ {In den letzten 25 Zügen ist absolut nichts passiert und nach wie vor
steht es ausgeglichen.} 50. Bc3 $6 {Bringt sich unnötig in eine Fesslung,
weshalb 50.Kc2 oder 50.Ke2 bessere Fortsetzungen sind.} Nd5 51. Rc4 Ke6 52. e4
Nf4+ 53. Kc2 Ra2+ 54. Bb2 Nd3 $1 {Erzwingt den Uebergang in ein leicht
besseres Turmendspiel.} 55. Kxd3 Rxb2 56. g4 $6 {Das erweist sich als
bedeutend ungenauer als 56.g3 mit noch intakten Chancen. Wenn der schwarze
Turm dann Jagd auf den g3-Bauern macht und ihn erobert, erhält Weiss am
anderen Flügel gerade noch genügend Gegenspiel zum Ausgleich.} (56. g3 Rg2
57. Ke3 Rxg3 58. b5 $1 cxb5 (58... axb5 59. a6 bxa6 60. Rxc6+ Ke7 61. Rxa6 $11)
59. Rc7 Kd6 60. Rxb7 Kc5 61. Rb6 g5 62. hxg5 Rxg5 63. Rxa6 $11) 56... g6 {
Zu zahm, während 56...Tb3+ den schwarzen Vorteil verstärkt hätte.} 57. gxh5
gxh5 58. f4 exf4 {droht ...Tb3+ und aus} 59. Rc5 {Die einzige Chance für
Weiss, sich auf der h-Linie einen Freibauern zu schaffen.} Rxb4 60. Rxh5 Rb3+
61. Kd4 Rb5 {Strebt den Turmtausch mit Uebergang in ein für Schwarz
gewonnenes Bauernendspiel an.} 62. Rh6+ Kf7 63. Kd3 $6 {Eine ernste
Ungenauigkeit, die das weisse Spiel gefaehrdet. Mit 63.e5 oder 63.h5 standen
zwei guenstigere Fortsetzungen zur Verfuegung.} Kg7 64. Re6 Kf8 65. Rf6+ {
Erneut ungenau statt 65.e5 mit nur leichtem schwarzen Vorteil.} Ke8 $6 {
Unverstaendlich, dass Schwarz die Gelegenheit nicht nutzt, seinen Koenig mit
65...Ke7 in eine bessere Position zu bringen.} 66. Rf5 {Deckt den a5-Bauer.
Nun ist es Weiss, der durch den Tausch der Tuerme auf f5 in ein gewonnenes
Bauernendspiel einlenken moechte.} c5 67. Rxf4 Rxa5 68. Rf5 b6 69. h5 {Der
weisse Freibauer auf h5 rettet Weiss vor der Niederlage.} Ke7 70. Kc3 Ra3+ 71.
Kb2 $2 {Nur mit 71.Kc4 kann Weiss noch Widerstand leisten.} Rh3 $19 {Der
schwarze Turm hat nun die weissen Freibauern unter Kontrolle und droht ...Th4,
wonach - unabhaengig davon, was Weiss tut - der schwarze Koenig an den
Damenfluegel eilen und seine Freibauern unterstuetzen kann.} 72. Re5+ Kd6 73.
Rd5+ Kc6 74. Rf5 Rh4 {Eine Rettung fuer Weiss ist schon nicht mehr ersichtlich.
} 75. Re5 Kb5 76. Kb3 a5 77. Kc3 a4 78. Rf5 Rxe4 79. Rf6 Rh4 80. Rh6 Rh3+ 81.
Kc2 a3 {Gegen die schwarzen Bauern ist Weiss einfach machtlos.} 82. Kb1 Rh2 83.
Ka1 c4 84. Rf6 c3 85. Rf1 {Weiss gibt auf} 0-1

[Event "SaitekSparc_Risc2500sol"]
[Site "Zürich"]
[Date "2019.04.05"]
[Round "5"]
[White "Saitek Sparc"]
[Black "Saitek Risc 2500 solid"]
[Result "1/2-1/2"]
[WhiteElo "2254"]
[BlackElo "2247"]
[Annotator "KUT"]
[PlyCount "129"]
[EventDate "2019.01.01"]

1. d4 Nf6 {Vergleichsmatch 120'/40 der Spielstile des Saitek Risc 2500 gegen
Saitek Sparc | 5. Partie: normal=Sieg, aktiv=Sieg, offensiv=Remis, solid=Remis
| Vergleich der Zwischenstände nach 5 Partien: aktiv 3,5 Pkt (70%),
offensiv=2,5 Pkt (50%), solid=2,0 Pkt (40%), normal=1,5 Pkt (30%) | Ein
anrüchiger Bauernvorstoss des Risc 2500 solid im Zentrum bringt dem Gegner
einen Bauern ein. Doch agiert der Saitek Sparc etwas gar zu sorglos und so
holt sich Schwarz den Bauern zurück. Den Rest der Partie bis ins Endspiel
behandeln beide Programme recht gut und das Remis am Ende ist ein gerechtes
Resultat.} 2. c4 e6 3. Nc3 Bb4 4. Qc2 O-O 5. a3 Bxc3+ 6. Qxc3 d6 {***ENDE
BUCH***} 7. g3 {***ENDE BUCH***} c5 (7... e5 8. dxe5 dxe5 9. Bg2 Nc6 10. Bxc6
bxc6 11. Qxe5 Re8 12. Qc5 Be6 13. Be3 Nd7 14. Qd4 c5 15. Qc3 Rb8 (15... Qe7 16.
Rd1 Bf5 17. Nf3 Rab8 18. O-O f6 19. Rd2 Bg4 20. Rfd1 Nb6 21. b3 Rb7 22. Qa5 Nd7
23. Qa4 c6 24. Qxc6 Qe4 25. Rd5 Rbb8 26. Qc7 Nf8 27. Qxa7 Qc2 28. Re1 Ne6 29.
Nd2 Ra8 30. Qd7 Red8 31. Qb7 Rdb8 32. Qe7 Re8 33. Qd6 Red8 34. Qc6 Rdc8 35. Qb6
Rcb8 36. Qc6 Rc8 37. Qb5 Rcb8 38. Qd7 Rd8 39. Qe7 Re8 40. Qb7 Reb8 41. Qe7 Re8
{½-½ (41) Saitek Sparc (2254)-Saitek Risc 2500 offensiv (2247) Zürich 2019})
16. O-O-O Qc8 17. Nf3 Qb7 18. Nd2 Bg4 19. Rhe1 Re7 20. Kb1 Qb6 21. Ka1 a5 22.
Nf3 f6 23. Rd2 Rbe8 24. Red1 a4 25. h4 Bf5 26. h5 Qa6 27. h6 g6 28. Nh4 Be6 29.
Qc2 Qc6 30. Nxg6 hxg6 31. Qxg6+ Kh8 32. Bf4 Rg8 33. Qd3 Nb6 34. Qc3 Rf7 35. Rd8
Bxc4 36. Qc2 Re7 37. f3 Ree8 38. Rxe8 Qxe8 39. Re1 Qe7 40. e4 Bb3 41. Qc3 Kh7
42. g4 Nc4 43. Rh1 Rd8 44. Rg1 Rd7 45. Rc1 Qd8 46. Rb1 Rd3 47. Bxc7 Qd7 48.
Qxf6 Ne3 49. Rc1 Rd1 50. Qc3 Qd4 51. Bf4 Rxc1+ 52. Qxc1 Nc2+ 53. Kb1 {0-1 (53)
Saitek Sparc (2254)-Saitek Risc 2500 aktiv (2247) Zürich 2019}) (7... Nc6 8.
Bg2 e5 9. d5 Nd4 10. Be3 Nf5 11. Bg5 h6 12. Bd2 e4 13. Nh3 c6 14. dxc6 bxc6 15.
O-O Ba6 16. Bf4 d5 17. b3 Re8 18. Rfd1 c5 19. Ra2 d4 20. Qc2 Qb6 21. b4 Rad8
22. Rb2 Nd6 23. b5 Bc8 24. Qb3 Be6 25. Bxd6 Qxd6 26. Nf4 Bg4 27. h4 d3 28. Qc3
Qd4 29. Qc1 Nh5 30. Nxh5 Bxh5 31. Ra2 Bxe2 32. Rdd2 e3 33. fxe3 Rxe3 34. Kh2
Qe5 35. Qe1 Rd4 36. Kg1 Rg4 37. Rxe2 dxe2 38. Rxe2 {0-1 (38) Saitek Sparc 
(2254)-Saitek Risc 2500 normal (2247) Zürich 2019}) 8. dxc5 dxc5 9. Bg2 Nc6
10. Bf4 e5 $2 {Auf dem Spielniveau des Risc 2500 solid muss dies als
Bauernopfer ins Blaue betrachtet werden.} 11. Bxe5 Nxe5 12. Qxe5 Qb6 13. O-O-O
$6 {Der Rückzug der Dame nach c3 verdient den Vorzug.} Be6 $6 {Alternativen
wie 13...Db3 oder 13...Te8 scheinen vernünftiger.} 14. Qd6 {Noch immer war 14.
Dc3 ok.} Qb3 15. Qd3 Bxc4 16. Qxb3 Bxb3 {Nun stehen die Spiele gleich.} 17. Rd2
Rab8 18. Nh3 b6 19. Nf4 Rfd8 20. Rxd8+ $6 {Überlässt dem Gegner freiwillig
die d-Linie.} Rxd8 21. Bf3 Rd4 22. e3 Rd6 23. h4 a5 24. Bd1 Bc4 (24... Rxd1+
25. Rxd1 Bxd1 26. Kxd1 $11) 25. Bf3 h6 26. Rd1 Rxd1+ 27. Kxd1 g5 28. Ne2 g4 29.
Bb7 Nd7 30. Nf4 Ne5 31. Kd2 a4 32. Nd5 Bxd5 33. Bxd5 b5 34. Kc3 Kg7 35. Bb7 Nc4
36. Bc8 h5 37. Bd7 Nd6 38. Bc6 Kg6 39. Kd3 f5 40. e4 fxe4+ 41. Bxe4+ Kg7 {
Solange sich Bauern auf beiden Flügeln befinden, ist der Läufer dem Springer
grundsätzlich überlegen. Von daher kam eher der Übergang in ein
ausgeglichenes Bauernendspiel in Frage. Im konkreten Fall steht jedoch der
schwarze Springer ideal, der dem weissen König den Vormarsch via e4 zum
Damenflügel verwehrt. Und der schwarze König selbst kann problemlos den
Königsflügel halten.} (41... Nxe4 42. Kxe4 b4 43. Kd5 bxa3 44. bxa3 Kf5 45.
Kxc5 Ke4 46. Kb5 Kf3 47. Kxa4 Kxf2 48. Kb5 Kxg3 49. a4 Kf2 50. a5 g3 51. a6 g2
52. a7 g1=Q 53. a8=Q $11) 42. Bc6 Kg6 43. Ke3 Kf5 44. f3 gxf3 45. Kxf3 Kg6 46.
Kf4 Kf6 47. g4 hxg4 48. Kxg4 Kg6 49. Kf4 Kh5 50. Kg3 Kh6 51. Bd5 b4 52. axb4
cxb4 53. Kg4 b3 54. h5 a3 55. bxa3 b2 56. Ba2 Nb5 57. Bb1 Nxa3 58. Bg6 Nc4 59.
Kf4 Kg7 60. Kg5 Kg8 61. Kf4 Kh8 62. h6 Kg8 63. Be4 Nd6 64. h7+ Kh8 65. Bd3 {
Remis abgebrochen} 1/2-1/2

[Event "SaitekSparc_Risc2500sol"]
[Site "Zürich"]
[Date "2019.04.06"]
[Round "6"]
[White "Saitek Risc 2500 solid"]
[Black "Saitek Sparc"]
[Result "1/2-1/2"]
[WhiteElo "2247"]
[BlackElo "2254"]
[Annotator "KUT"]
[PlyCount "240"]
[EventDate "2019.01.01"]

1. e4 c5 {Vergleichsmatch 120'/40 der Spielstile des Saitek Risc 2500 gegen
Saitek Sparc | 6. Partie: normal=Sieg, aktiv=Remis, offensiv=Sieg, solid=Remis
| Vergleich der Zwischenstände nach 6 Partien: aktiv 4,0 Pkt (66%),
offensiv=3,5 Pkt (58%), solid=2,5 Pkt (41%), normal=2,5 Pkt (41%) | Die
Tarrasch-Variante der Französischen Verteidigung führt auch in dieser Partie
zu einem schwarzen isolierten Zentrumsbauer auf d5. Mit Weiss findet der Risc
2500 solid aber nichts Besseres, als diesen schwachen Bauer gegen den eigenen
b2-Bauer zu tauschen. Die beiden Kontrahenten lassen nach und nach die meisten
Figuren vom Brett verschwinden, ohne das bestehende Gleichgewicht zu stören.
Aus unerklärlichen Gründen gibt der Saitek Sparc dann seinen a-Bauer auf,
doch sein Gegner vermag dies nicht auszunützen. Mit einem interessanten
Qualitätsopfer gegen einen Bauern beseitigt der Saitek Sparc gefährliche
gegnerische Bauern und erreicht den Ausgleich. Der Bediener muss allerdings
noch lange leiden, bis das Remis im Bauernendspiel durch Patt real wird.} 2. c3
e6 3. d4 d5 4. exd5 exd5 5. Nf3 Nc6 6. Bb5 Bd6 7. O-O Nge7 8. dxc5 Bxc5 9. Nbd2
O-O 10. Nb3 Bd6 11. Nbd4 Bg4 12. Qa4 {***ENDE BUCH***} Bh5 13. Be3 (13. Bg5 Qb6
14. Rae1 a6 15. Bxc6 Nxc6 16. Nf5 Bc7 17. N3d4 Kh8 18. Be3 Qxb2 19. Nxc6 bxc6
20. Bd4 f6 21. Qxc6 Qb8 22. g3 Qd8 23. Re7 Bg6 24. Rxg7 Be5 25. f4 Bxd4+ 26.
Nxd4 Qe8 27. Rc7 Qe3+ 28. Kg2 Be4+ 29. Kh3 Bd3 30. Rf3 Qc1 31. Qd7 Rg8 32. Ne2
Rg5 33. Qe7 Rag8 {1-0 (33) Saitek Risc 2500 offensiv (2247)-Saitek Sparc (2254)
Zürich 2019}) 13... Qc7 14. h3 Na5 {***ENDE BUCH***} 15. Rfd1 (15. Bd3 Nc4 16.
Nb5 Qd7 17. Bxc4 dxc4 18. Rfd1 Nf5 19. Qxc4 Bxf3 20. gxf3 Nxe3 21. fxe3 Qxh3
22. Nxd6 Qg3+ 23. Kf1 Qh3+ 24. Ke1 Qg3+ 25. Ke2 Qh2+ 26. Kf1 Qh3+ 27. Ke2 Qh2+
28. Kf1 Qh3+ {½-½ (28) Saitek Risc 2500 aktiv (2247)-Saitek Sparc (2254)
Zürich 2019}) (15. Rad1 Nc4 16. Bxc4 Qxc4 17. Qxc4 dxc4 18. g4 Bg6 19. Nb5 Bb8
20. Bc5 Be4 21. Nh4 Nc6 22. Bxf8 Kxf8 23. Rd7 a6 24. Nc7 Bxc7 25. Rxc7 Nd8 26.
Re1 Bc6 27. Ree7 Kg8 28. Nf5 Ne6 29. Rxf7 Nxc7 30. Rxg7+ Kh8 31. Rxc7 Rd8 32.
f4 Rd1+ 33. Kf2 h5 34. Re7 Rd2+ 35. Re2 Rxe2+ 36. Kxe2 Bg2 37. gxh5 Bxh3 38.
Ng3 Kg7 39. Ke3 Be6 40. f5 Bf7 41. Kf4 Kh6 42. f6 Kh7 43. Nf5 Be6 44. Kg5 b6
45. Nd6 Bd5 46. h6 a5 47. f7 Bxf7 48. Nxf7 a4 {1-0 (48) Saitek Risc 2500
normal (2247)-Saitek Sparc (2254) Zürich 2019}) 15... Rfc8 16. Qc2 Nc4 17.
Bxc4 Qxc4 18. Nf5 Nxf5 $6 {Besser geschieht 18...Td8} 19. Qxf5 Bxf3 20. Qxf3
Rd8 {Indirekte Deckung des d5-Bauern.} 21. Rd4 (21. Rxd5 $2 Qxd5 $1 22. Qxd5
Bh2+ 23. Kxh2 Rxd5 $17) 21... Qb5 22. Rd2 Be5 23. Rad1 Bf6 24. Qg4 Re8 25. a4
Qb3 26. Rxd5 $6 {Nur 26.Dd7 hält den weissen Vorteil fest.} Qxb2 27. Rb5 Qxc3
28. Rxb7 Rad8 $6 {Gibt unnötigerweise den a7-Bauern auf, der mit ...a6 oder ..
.a5 ohne Nachteil zu retten gewesen wäre.} 29. Rxd8 Rxd8 30. Rxa7 {Der nun
freie a-Bauer könnte spielentscheidend sein. Aber solange die Damen auf dem
Brett sind, gestaltet sich die Verwertung des materiellen Vorteils schwierig.}
Be5 31. g3 Qc6 32. a5 g6 33. Kh2 {Mit seinen letzten zwei Zügen hat Weiss
jeglichen Vorteil verspielt.} Rd3 $2 {Die falsche Wahl.} (33... h5 34. Qe2 h4
$11) 34. Re7 $2 {Der Risc 2500 solid erkennt offenbar den folgenden
Gegenschlag nicht, der dem Saitek Sparc genügend Gegenspiel sichert.} (34. Qe2
$1 $16 {und Schwarz wird schwer kämpfen müssen.}) 34... Rxe3 $1 {Die
angedeutete schöne Riposte: Schwarz gibt die Qualität, erhält aber die
Bauern a5 und g3, ansonsten Weiss dem Dauerschach nicht wird ausweichen
können.} 35. fxe3 Qc2+ 36. Kg1 Qc1+ 37. Kf2 Qd2+ 38. Qe2 Bxg3+ 39. Kf1 Qxa5 {
Die schwarze Abwicklung hat die Bauern auf einen Flügel dezimiert und für
die Qualität hat Weiss einen Bauern. Die Stellung dürfte schon nicht mehr zu
gewinnen sein.} 40. Kg2 Bd6 41. Re8+ Kg7 42. Qb2+ f6 43. Qb7+ Kh6 44. Qf3 (44.
Rh8 Qd2+ {und Schwarz hat Dauerschach}) 44... Qa2+ 45. Qf2 Qd5+ 46. Kg1 Qd1+
47. Kg2 Qd5+ 48. e4 Qg5+ 49. Kh1 Qc1+ 50. Qg1 {Die Engines sehen nun gar schon
schwarz im Vorteil.} Qc3 51. Qg4 Qc2 52. Qg2 Qd3 53. Kg1 Qb1+ 54. Qf1 Qc2 55.
e5 Bxe5 {Es herrscht wieder materieller Gleichstand und von weissem Vorteil
kann keine Rede mehr sein.} 56. Qf3 Qc1+ 57. Kg2 Bd4 {droht Dg1 matt} 58. h4
Be5 59. Re7 Qc2+ 60. Qf2 Qe4+ 61. Kf1 Qc4+ 62. Kg2 Qc3 63. Qf3 Qc5 64. Qb7 {
droht Txh7 matt} Qc2+ 65. Kf1 Qc1+ 66. Kf2 Qc2+ 67. Kf1 Qd3+ 68. Kg1 Bd4+ 69.
Kg2 Qc2+ 70. Kh1 Qd1+ 71. Kg2 Qg4+ 72. Kf1 Qf5+ 73. Ke2 Qc2+ 74. Ke1 Bc3+ 75.
Kf1 Qd1+ 76. Kf2 Qd2+ 77. Kf3 Qd3+ 78. Kg2 Kh5 79. Rxh7+ Kg4 {Um Mattdrohungen
abzuwehren, ist Weiss nun zum Damentausch gezwungen, wonach auch noch der
h4-Bauer verlorengeht.} 80. Qd7+ Qxd7 81. Rxd7 Kxh4 {Diese Stellung, ein
Sechsteiner, ist Remis.} 82. Kf3 Kg5 83. Rd1 Kf5 84. Rg1 g5 85. Rg4 Bd2 86. Rg2
Bf4 87. Rg1 Be5 88. Rg2 Bc7 89. Rg4 Kg6 90. Rc4 Bh2 91. Rc6 Kf5 92. Rc4 Bf4 93.
Rc5+ Be5 94. Rc4 Bd6 95. Rg4 Bc7 96. Rc4 Be5 97. Rb4 Kg6 98. Rb5 Kh5 99. Ke4
Kg4 100. Ra5 Bc7 101. Rf5 Be5 102. Rf1 Kh3 103. Rd1 g4 104. Rc1 g3 105. Kf3 Kh4
106. Rc5 Kg5 107. Rxe5+ {Abwicklung in ein Bauernendspiel, das definitiv Remis
ist.} fxe5 108. Kxg3 {In dieser Stellung machen selbst die beiden Oldies keine
Fehler mehr.} e4 109. Kf2 Kf4 110. Ke2 Ke5 111. Ke3 Kd5 112. Kd2 Kd4 113. Ke2
e3 114. Ke1 Kd5 115. Ke2 Ke4 116. Ke1 Kf5 117. Ke2 Kf4 118. Ke1 Kf3 119. Kf1
e2+ 120. Ke1 Ke3 {Patt} 1/2-1/2